000 00625nam a2200181Ia 4500
008 090124s9999 xx 000 0 und d
082 _b101546
100 _aरजपूत किसनराव पर्वतराव
245 _a वीर नेताजी मेळा
250 _a1
260 _c1938
300 _a7
600 _aरजपूत किसनराव पर्वतराव
630 _a वीर नेताजी मेळा
700 _aरजपूत किसनराव पर्वतराव
730 _a वीर नेताजी मेळा
942 _cBOOK
999 _c147638
_d147638